| 000 | 01131cam a2200325 a 4500 | ||
|---|---|---|---|
| 001 | 4479994 | ||
| 003 | ARRUPE | ||
| 005 | 20131105171730.0 | ||
| 008 | 930204s1992 miu b 010 0deng | ||
| 010 | _a92013334 | ||
| 020 | _a0879076356 (alk. paper) | ||
| 020 | _a0879077352 (pbk. : alk. paper) | ||
| 035 | _a(OCoLC)187451623 | ||
| 035 | _a(OCoLC)ocn187451623 | ||
| 035 | _a(NNC)4479994 | ||
| 040 |
_aDLC _cDLC _dNNUT |
||
| 050 | 0 | 0 |
_aB765.B54 _bB48 1992 |
| 100 |
_aSommerfeldt, John R _93320 |
||
| 245 | 0 | 0 |
_aBernardus Magister : _bin celebration of the nonacentenary of the birth of Saint Bernard of Clairvaux : 1090-1990 / _cedited by John R. Sommerfeldt. |
| 260 |
_aKalamazoo, MI : _bCistercian Publications, _c1992. |
||
| 300 |
_a578 p. ; _c23 cm. |
||
| 490 | 1 |
_aCistercian studies series ; _v135 |
|
| 504 | _aIncludes bibliographical references. | ||
| 600 | 0 | 0 |
_aBernard, _cof Clairvaux, Saint, _d1090 or 1091-1153. _93321 |
| 610 | 2 | 0 |
_aCistercians _xHistory. _93322 |
| 700 | 1 |
_aSommerfeldt, John R. _93323 |
|
| 830 | 0 |
_aCistercian studies series ; _vno. 135. _93324 |
|
| 942 |
_2lcc _cMONOGRAPH |
||
| 999 |
_c118528 _d118528 |
||